Young Multi x Fast Life Sharky - TRAP AFTER DEATH - Statystyki

Ogólne statystyki
  • Ten quiz został rozwiązany 77 razy
  • Średni wynik to 9 z 12
Statystyki odpowiedzi
Numer Tytuł Gość % Poprawnych
12 K4FLE! Żabson
88%
3 TORBA
84%
1 9 ŻYĆ
82%
2 SKATE 3
80%
11 10K matiskater
78%
4 MODELKI Aleshen
78%
6 TRAP FORTECA Simpson.
76%
8 FAKE FREESTYLE
71%
9 DRIP Co Cash
67%
10 TSUNAMI
67%
5 TROTYL
65%
7 FCK FAME AM & Skengdo
63%
Nie znaleziono quizów pasujących do podanych kryteriów
Rozkład punktacji
Procent ludzi z każdym wynikiem
Percentyl według liczby udzielonych odpowiedzi
Twoja historia wyników
Nie rozwiązałeś tego quizu